000 00290nam a2200121Ia 4500
008 190216s9999||||xx |||||||||||||| ||und||
100 _aJoseph K X
245 0 _aQuantitative Methods
260 _bCalicut University Central Co-Operative
300 _a380
650 _aCommerce
942 _cBK
999 _c8286
_d8286